| 000 | 01352cam a22004454i 4500 | ||
|---|---|---|---|
| 003 | PE-LiUPU | ||
| 005 | 20250731173214.0 | ||
| 008 | 150625s r 000 0 d | ||
| 035 | _a(Sirsi) a32624 | ||
| 040 |
_aPE-LiUPU _bspa _cPE-LiUPU _erda |
||
| 082 | 0 | 4 |
_a232.5 _bO64 _221 |
| 100 | 1 |
_aOrella, J. L., _eautor. |
|
| 245 | 1 | 0 | _aResurrección de Cristo y de los muertos. |
| 264 | 1 | _a | |
| 336 |
_atext _2rdacontent |
||
| 337 |
_aunmediated _2rdamedia |
||
| 338 |
_avolume _2rdacarrier |
||
| 490 | 0 |
_aTeología Deustuo ; _v5 |
|
| 526 | _aSEG42 | ||
| 526 | _aSEG41 | ||
| 526 | _aSEG40 | ||
| 526 | _aSEG39 | ||
| 526 | _aP94 | ||
| 526 | _aP87 | ||
| 526 | _aP86 | ||
| 526 | _aP85 | ||
| 526 | _aP77 | ||
| 526 | _aP76 | ||
| 526 | _aP35 | ||
| 700 | 1 |
_aGoitia, J. de, _eautor. |
|
| 700 | 1 |
_aSalas, G. Lorenzo, _eautor. |
|
| 700 | 1 |
_aBasurko, J., _eautor. |
|
| 700 | 1 |
_aPlazaola J., _eautor. |
|
| 910 | _a | ||
| 942 |
_2ddc _cBOOK |
||
| 949 |
_a232.5 O64 _wDEWEY _c1 _i37211 _lCCODEBUL1 _mBUL _p00.00 _r0 _sY _tBOOK _u2015-06-25 _xBIBLIOTECA _zUNKNOWN _0COMPRA _o.STAFF. Colección General |
||
| 596 | _a1 | ||
| 999 |
_a232.5 O64 _wDEWEY _c40297 _i37211 _d40297 _e2016-5-30 _f2021-11-10 _g5 _lCCODEBUL1 _mBUL _n1 _r0 _sY _tBOOK _u2015-6-25 _xTEOLOGIA _zUNKNOWN _0COMPRA _o.STAFF. Colección General |
||
| 980 |
_81 _gALBERTO SANCHEZ Responsable de Automatización |
||